Sexuality and the Politics of Violence and Safety : (Record no. 609079)

MARC details
000 -LEADER
fixed length control field 00526nam a2200193 a 4500
008 - FIXED-LENGTH DATA ELEMENTS--GENERAL INFORMATION
fixed length control field 260122s2004##################000#0#eng##
020 ## - INTERNATIONAL STANDARD BOOK NUMBER
ISBN 9780415300919
082 04 - DEWEY DECIMAL CLASSIFICATION NUMBER
Classification number 303.6
Item number MOR
100 1# - MAIN ENTRY--AUTHOR NAME
Personal name Moran, Leslie J.,
245 10 - TITLE STATEMENT
Title Sexuality and the Politics of Violence and Safety :
260 ## - PUBLICATION, DISTRIBUTION, ETC. (IMPRINT)
Name of publisher Psychology Press,
Year of publication 2004.
300 ## - PHYSICAL DESCRIPTION
Number of Pages 226 pages
650 #0 - SUBJECT ADDED ENTRY--TOPICAL TERM
Topical Term Social Science.
942 ## - ADDED ENTRY ELEMENTS (KOHA)
Koha item type English Books
Holdings
Withdrawn status Lost status Damaged status Not for loan Home library Current library Shelving location Date acquired Full call number Accession Number Price effective from Koha item type
        Anna Centenary Library Anna Centenary Library 3RD FLOOR, B WING 23.01.2026 303.6 MOR 171609 23.01.2026 English Books

Find us on the map